[Event "3rd 4NCL Easter Congress"]
[Site "Mercure Daventry Court Hotel"]
[Date "2023.04.10"]
[Round "6"]
[Board "18"]
[White "Gunarathne, Senith"]
[Black "Lewis, Evan"]
[Result "0-1"]
[WhiteElo "1491"]
[BlackElo "1622"]
[PlyCount "142"]
[EventDate "2023.04.07"]
[EventRounds "7"]
[EventCountry "ENG"]

1. e4 Nf6 2. e5 Nd5 3. c4 Nb6 4. d4 d6 5. exd6 cxd6 6. Nf3 g6 7. Be2 Bg7 8. Nc3 O-O
9. O-O Nc6 10. Be3 Bg4 11. Qd2 Bxf3 12. Bxf3 Nxc4 13. Qe2 Nxe3 14. fxe3 Rc8 15. Rac1
a6 16. a3 Qd7 17. a4 e6 18. Rfd1 d5 19. g3 h5 20. Bg2 Bh6 21. Rb1 Na5 22. e4 Rfe8
23. Qd3 dxe4 24. Nxe4 Qe7 25. Rf1 Red8 26. Nf6+ Kg7 27. Qe4 Bg5 28. Nxh5+ gxh5 29.
Qe5+ Bf6 30. Qxa5 Bxd4+ 31. Kh1 Rc5 32. Qe1 Re5 33. Qc1 Rd7 34. b3 Qc5 35. Qf4 Rf5
36. Qh4 Bf6 37. Qe4 Rxf1+ 38. Rxf1 Qe5 39. Qf3 b5 40. axb5 axb5 41. g4 hxg4 42. Qxg4+
Qg5 43. Qf3 Rd2 44. Rg1 Bd4 45. Rf1 f5 46. Qh3 Kf6 47. Re1 e5 48. Rc1 e4 49. Qh8+
Kg6 50. Rc6+ Bf6 51. Qg8+ Kh5 52. Qh7+ Kg4 53. Rc1 Qh4 54. h3+ Kg3 55. Qc7+ f4 56.
Rg1 Bd4 57. Qc1 Re2 58. Qf1 Bxg1 59. Qxe2 f3 60. Bxf3 exf3 61. Qe5+ Qf4 62. Qg7+
Kxh3 63. Qxg1 Qg3 64. Qf1+ Qg2+ 65. Qxg2+ fxg2+ 66. Kg1 Kg3 67. b4 Kf3 68. Kh2 Kf2
69. Kh3 g1=Q 70. Kh4 Qg6 71. Kh3 Qg3#  0-1

[Event "3rd 4NCL Easter Congress"]
[Site "Mercure Daventry Court Hotel"]
[Date "2023.04.10"]
[Round "7"]
[Board "1"]
[White "Raju, Sooraj Menothuparambil"]
[Black "Tart, Peter K"]
[Result "1-0"]
[WhiteElo "1758"]
[BlackElo "1856"]
[PlyCount "93"]
[EventDate "2023.04.07"]
[EventRounds "7"]
[EventCountry "ENG"]

1. e4 e5 2. Nf3 d5 3. exd5 Bd6 4. Bb5+ Nd7 5. Qe2 Qe7 6. Nc3 Ngf6 7. d4 e4 8. Nh4
g6 9. Bh6 Bb4 10. Bg7 Nxd5 11. O-O Nxc3 12. bxc3 Rg8 13. cxb4 Rxg7 14. g3 c6 15.
Bc4 Nf6 16. f3 Bh3 17. Rfe1 O-O-O 18. c3 Re8 19. Ng2 Bxg2 20. Qxg2 exf3 21. Rxe7
fxg2 22. Rxe8+ Nxe8 23. Re1 Nd6 24. Bd3 f5 25. Kxg2 Kd7 26. c4 Ne8 27. Kf3 Nc7 28.
Re5 Kd6 29. c5+ Kd7 30. Bc4 Re7 31. Kf4 Ne6+ 32. Bxe6+ Rxe6 33. h4 Ke7 34. Kg5 Rxe5
35. dxe5 Ke6 36. Kh6 Kxe5 37. Kxh7 Kf6 38. Kh6 b5 39. cxb6 axb6 40. a4 c5 41. a5
c4 42. axb6 c3 43. b7 c2 44. b8=Q c1=Q+ 45. Qf4 Qc6 46. Qd4+ Ke7 47. Qc5+  1-0

[Event "3rd 4NCL Easter Congress"]
[Site "Mercure Daventry Court Hotel"]
[Date "2023.04.10"]
[Round "7"]
[Board "2"]
[White "Borissow, Magnus"]
[Black "Royle, Alex"]
[Result "1/2-1/2"]
[WhiteElo "1582"]
[BlackElo "1573"]
[PlyCount "79"]
[EventDate "2023.04.07"]
[EventRounds "7"]
[EventCountry "ENG"]

1. Nf3 Nf6 2. g3 d5 3. Bg2 c6 4. O-O Bg4 5. d4 e6 6. Nbd2 Be7 7. Re1 Nbd7 8. e4 dxe4
9. Nxe4 Nxe4 10. Rxe4 Nf6 11. Re1 O-O 12. c3 Qc7 13. Bf4 Bd6 14. Bxd6 Qxd6 15. Qb3
Qc7 16. Ne5 Bf5 17. a4 a5 18. h3 h6 19. Rad1 Nd5 20. Nc4 Rfb8 21. Ne3 Bh7 22. Nxd5
cxd5 23. Bf1 Rd8 24. Re5 Rd6 25. Rd2 Be4 26. Bg2 f6 27. Rh5 Qf7 28. Qd1 g6 29. Rh4
g5 30. Rxe4 dxe4 31. Bxe4 Kg7 32. d5 exd5 33. Bxd5 Qd7 34. Kg2 Rd8 35. c4 Rb6 36.
Qh5 Qe8 37. Qd1 Rb4 38. b3 Rd7 39. Qf3 Rb6 40. c5  1/2-1/2

[Event "3rd 4NCL Easter Congress"]
[Site "Mercure Daventry Court Hotel"]
[Date "2023.04.10"]
[Round "7"]
[Board "3"]
[White "Ward, Andy"]
[Black "Siu, Kam Wa"]
[Result "1/2-1/2"]
[WhiteElo "1838"]
[BlackElo "1642"]
[PlyCount "66"]
[EventDate "2023.04.07"]
[EventRounds "7"]
[EventCountry "ENG"]

1. c4 c6 2. Nc3 d5 3. cxd5 cxd5 4. d4 Nf6 5. f3 Bf5 6. g4 Bg6 7. g5 Nh5 8. Qb3 Nc6
9. e3 Rb8 10. Qxd5 e6 11. Qxd8+ Rxd8 12. Bb5 Be7 13. Bxc6+ bxc6 14. f4 f6 15. gxf6
Nxf6 16. Nge2 Ne4 17. Nxe4 Bxe4 18. Rg1 Bh4+ 19. Ng3 c5 20. Ke2 Bc2 21. dxc5 Rd5
22. Bd2 Bf6 23. Bc3 Bd3+ 24. Kf3 Bxc3 25. bxc3 Rxc5 26. Ne4 Bxe4+ 27. Kxe4 O-O 28.
Rgc1 Rfc8 29. Rab1 R8c7 30. Rb3 Kf7 31. Rc2 Kf6 32. Kd3 a5 33. c4 Rd7+  1/2-1/2

[Event "3rd 4NCL Easter Congress"]
[Site "Mercure Daventry Court Hotel"]
[Date "2023.04.10"]
[Round "7"]
[Board "4"]
[White "Lawrence, Spencer"]
[Black "Wheeler, Tim"]
[Result "1/2-1/2"]
[WhiteElo "1536"]
[BlackElo "1597"]
[PlyCount "26"]
[EventDate "2023.04.07"]
[EventRounds "7"]
[EventCountry "ENG"]

1. d4 Nf6 2. Nf3 g6 3. g3 Bg7 4. Bg2 O-O 5. O-O d6 6. b3 c5 7. Bb2 cxd4 8. Nxd4 a6
9. c4 d5 10. cxd5 Nxd5 11. Nc3 Nxc3 12. Bxc3 Qb6 13. e3 Bd7  1/2-1/2

[Event "3rd 4NCL Easter Congress"]
[Site "Mercure Daventry Court Hotel"]
[Date "2023.04.10"]
[Round "7"]
[Board "5"]
[White "Karangad, Mohit Kamal"]
[Black "Brocklehurst, Andrew"]
[Result "0-1"]
[WhiteElo "1645"]
[BlackElo "1832"]
[PlyCount "80"]
[EventDate "2023.04.07"]
[EventRounds "7"]
[EventCountry "ENG"]

1. d4 Nf6 2. c4 g6 3. h4 Bg7 4. Nc3 d6 5. e4 c6 6. Be2 Qc7 7. h5 e5 8. d5 a6 9. Be3
Nbd7 10. b4 cxd5 11. Nxd5 Nxd5 12. cxd5 Qc3+ 13. Bd2 Qd4 14. Bf3 O-O 15. Ne2 Qb6
16. Qc1 f5 17. exf5 gxf5 18. Bh6 Qxb4+ 19. Kf1 f4 20. Bxg7 Kxg7 21. g3 Kh8 22. gxf4
exf4 23. Qc7 Qc5 24. Rc1 Qxc7 25. Rxc7 b5 26. Rh4 a5 27. Rxf4 Rxf4 28. Nxf4 b4 29.
Bg4 a4 30. Rxc8+ Rxc8 31. Bxd7 Rc1+ 32. Kg2 b3 33. axb3 a3 34. Nd3 Rc7 35. Nb4 Rxd7
36. Kf3 Rb7 37. Nc2 Rxb3+ 38. Ke4 Kg7 39. Kf5 Kf7 40. f4 a2  0-1

[Event "3rd 4NCL Easter Congress"]
[Site "Mercure Daventry Court Hotel"]
[Date "2023.04.10"]
[Round "7"]
[Board "6"]
[White "Jenkins, Theo"]
[Black "Obi, Okwose Marc"]
[Result "1/2-1/2"]
[WhiteElo "1479"]
[BlackElo "1772"]
[PlyCount "139"]
[EventDate "2023.04.07"]
[EventRounds "7"]
[EventCountry "ENG"]

1. e4 c5 2. Nf3 a6 3. d4 cxd4 4. Nxd4 Nf6 5. Nc3 e5 6. Nb3 Bb4 7. Bd3 O-O 8. O-O
Bxc3 9. bxc3 d6 10. Ba3 Be6 11. f3 Nc6 12. Kh1 Qc7 13. Qe1 Rfd8 14. c4 Rac8 15. f4
exf4 16. Rxf4 Ne5 17. c5 dxc5 18. Rxf6 gxf6 19. Nxc5 Nxd3 20. Nxd3 Rxd3 21. cxd3
Qc3 22. Be7 Qxe1+ 23. Rxe1 Bxa2 24. Bxf6 Rc6 25. Be7 Rb6 26. d4 Rb1 27. Rxb1 Bxb1
28. e5 Be4 29. Kg1 Kg7 30. Kf2 h5 31. g3 Kg6 32. h4 Kf5 33. Bd8 b5 34. Ba5 Bd5 35.
Ke3 Kg4 36. Kf2 Kf5 37. Ke3 Be4 38. Bb4 Bh1 39. Ba5 Ke6 40. Kd3 Kd5 41. Kc3 Be4 42.
Bb6 Kc6 43. Ba5 Bf5 44. Bd8 Kd5 45. Bc7 Ke4 46. Bb6 Kf3 47. Bc7 Be6 48. Kb4 Kxg3
49. Bd8 Kf4 50. Bc7 Ke4 51. Bb6 Kd5 52. Kc3 Bc8 53. Kb4 Bb7 54. Kc3 Ke6 55. Kb4 f6
56. exf6 Kxf6 57. Bd8+ Ke6 58. Bb6 Kd5 59. Kc3 Kc6 60. Ba5 Bc8 61. Bd8 Kd5 62. Bb6
Bd7 63. Ba5 Ke4 64. Bb6 Be6 65. Kb4 Kf5 66. Bd8 Bc4 67. Bb6 Kg4 68. Bd8 Be6 69. Ka5
Bc8 70. Kb4  1/2-1/2

[Event "3rd 4NCL Easter Congress"]
[Site "Mercure Daventry Court Hotel"]
[Date "2023.04.10"]
[Round "7"]
[Board "7"]
[White "Vaidyanathan, Adithya"]
[Black "Han, Qixuan"]
[Result "1-0"]
[WhiteElo "1387"]
[BlackElo "1330"]
[PlyCount "117"]
[EventDate "2023.04.07"]
[EventRounds "7"]
[EventCountry "ENG"]

1. Nf3 Nf6 2. d4 d5 3. c4 c6 4. cxd5 cxd5 5. Bf4 e6 6. Nc3 Bd6 7. Bg5 h6 8. Bh4 O-O
9. e3 b6 10. Bd3 Ba6 11. Bxa6 Nxa6 12. Ne5 Rc8 13. O-O Be7 14. f4 Ne4 15. Bxe7 Qxe7
16. Nxe4 dxe4 17. a3 Nc7 18. Qb1 Nd5 19. Qxe4 Rc7 20. Qd3 Rfc8 21. e4 Nf6 22. Rad1
Rc2 23. b4 R8c3 24. Qa6 Nxe4 25. Rd3 Rc1 26. Rxc3 Rxf1+ 27. Kxf1 Nxc3 28. Qc8+ Kh7
29. Qxc3 Qh4 30. Qg3 Qh5 31. Ke1 Qf5 32. Qd3 Qxd3 33. Nxd3 Kg6 34. g3 Kf5 35. Ne5
Ke4 36. Nxf7 Kxd4 37. Kd2 a5 38. bxa5 bxa5 39. Nd8 Kd5 40. Kd3 g5 41. fxg5 hxg5 42.
Nf7 g4 43. Nh6 e5 44. Nxg4 e4+ 45. Kc3 Ke6 46. Kd4 Kf5 47. Ne3+ Kg5 48. Kxe4 Kh5
49. Kf5 Kh6 50. Kf6 Kh5 51. h4 Kh6 52. g4 Kh7 53. Kf7 Kh6 54. Nf5+ Kh7 55. g5 Kh8
56. h5 Kh7 57. g6+ Kh8 58. g7+ Kh7 59. g8=Q#  1-0

[Event "3rd 4NCL Easter Congress"]
[Site "Mercure Daventry Court Hotel"]
[Date "2023.04.10"]
[Round "7"]
[Board "8"]
[White "Stephenson, David W"]
[Black "Ganguly, Anshuman"]
[Result "0-1"]
[WhiteElo "1799"]
[BlackElo "1472"]
[PlyCount "100"]
[EventDate "2023.04.07"]
[EventRounds "7"]
[EventCountry "ENG"]

1. d4 Nf6 2. Bf4 c5 3. d5 b5 4. g3 d6 5. Bg2 g6 6. e4 Bb7 7. Ne2 Bg7 8. Qd2 Ng4 9.
c3 Nd7 10. h3 Nge5 11. O-O h6 12. b3 g5 13. Be3 Nf6 14. f4 gxf4 15. gxf4 Ng6 16.
Ng3 Rg8 17. Nf5 Bc8 18. Nxg7+ Rxg7 19. Kh2 h5 20. Na3 a6 21. Nc2 Nh4 22. Bh1 e5 23.
Qf2 Bxh3 24. Kxh3 exf4 25. Qxh4 Qd7+ 26. Kh2 Ng4+ 27. Kg2 Nxe3+ 28. Kf2 Nxc2 29.
Rg1 Qe7 30. Qxe7+ Kxe7 31. Rxg7 Nxa1 32. Kf3 a5 33. Kxf4 a4 34. Rg1 Nc2 35. Rc1 axb3
36. axb3 Ra1 37. Rxa1 Nxa1 38. c4 b4 39. Bf3 Nxb3 40. Ke3 h4 41. Bg4 Nd4 42. Kd3
Kf6 43. Bh3 Ke5 44. Bg2 f5 45. exf5 Kxf5 46. Bh1 Kf4 47. Kd2 Kg3 48. Be4 h3 49. Ke3
h2 50. Bh1 b3  0-1

[Event "3rd 4NCL Easter Congress"]
[Site "Mercure Daventry Court Hotel"]
[Date "2023.04.10"]
[Round "7"]
[Board "9"]
[White "Acharya, Kandara"]
[Black "Webster, Vivien"]
[Result "1/2-1/2"]
[WhiteElo "1558"]
[BlackElo "1591"]
[PlyCount "48"]
[EventDate "2023.04.07"]
[EventRounds "7"]
[EventCountry "ENG"]

1. e4 e5 2. Nf3 d6 3. Nc3 c6 4. d4 exd4 5. Nxd4 Be7 6. Bc4 Nf6 7. Bb3 O-O 8. O-O
Na6 9. h3 Nc5 10. Qf3 Nxb3 11. axb3 a6 12. Nce2 d5 13. exd5 Qxd5 14. Qxd5 Nxd5 15.
Ng3 Bf6 16. Ndf5 Nb4 17. c3 Nd3 18. Nd6 Nxc1 19. Raxc1 Rd8 20. Nxc8 Raxc8 21. Rcd1
Be5 22. Ne4 b6 23. Nd2 h6 24. Nc4 Bc7  1/2-1/2

[Event "3rd 4NCL Easter Congress"]
[Site "Mercure Daventry Court Hotel"]
[Date "2023.04.10"]
[Round "7"]
[Board "10"]
[White "Pyun, Lindsay"]
[Black "Chan, Michelle Ngo Yu"]
[Result "1-0"]
[WhiteElo "1544"]
[BlackElo "1586"]
[PlyCount "81"]
[EventDate "2023.04.07"]
[EventRounds "7"]
[EventCountry "ENG"]

1. e4 e5 2. Nf3 Nc6 3. Bc4 Bc5 4. d3 Nf6 5. Nc3 a6 6. a3 h6 7. O-O d6 8. h3 O-O 9.
Be3 Bxe3 10. fxe3 Re8 11. Qd2 Be6 12. Bxe6 Rxe6 13. Nd5 Re8 14. Nxf6+ Qxf6 15. Nd4
Qd8 16. Nf5 Ne7 17. Qe2 Nxf5 18. exf5 e4 19. d4 d5 20. c4 c6 21. b4 dxc4 22. Qxc4
Qd5 23. Rac1 Qxc4 24. Rxc4 Rad8 25. Rc5 Rd6 26. Rfc1 Red8 27. Re5 Rd5 28. Rc5 Rxc5
29. bxc5 Kf8 30. a4 Re8 31. Rxe8+ Kxe8 32. Kf2 g6 33. fxg6 fxg6 34. Kg3 Ke7 35. Kf4
Ke6 36. Kxe4 a5 37. h4 Kf6 38. Kf4 Ke6 39. e4 Kd7 40. Ke5 Ke7 41. g4  1-0

[Event "3rd 4NCL Easter Congress"]
[Site "Mercure Daventry Court Hotel"]
[Date "2023.04.10"]
[Round "7"]
[Board "11"]
[White "Ganguly, Aryaman"]
[Black "Butterworth, Paul"]
[Result "1-0"]
[WhiteElo "1255"]
[BlackElo "1798"]
[PlyCount "53"]
[EventDate "2023.04.07"]
[EventRounds "7"]
[EventCountry "ENG"]

1. e4 c5 2. Nf3 e6 3. d4 cxd4 4. Nxd4 a6 5. Nc3 Qc7 6. a3 Nf6 7. Be3 b5 8. f3 Bb7
9. Qd2 d5 10. exd5 Nxd5 11. Nxd5 Bxd5 12. O-O-O Bd6 13. Kb1 O-O 14. Bxb5 axb5 15.
Nxb5 Qc4 16. Nc3 Bxa3 17. Nxd5 Bxb2 18. Kxb2 Qa2+ 19. Kc3 Ra3+ 20. Kb4 Na6+ 21. Kb5
exd5 22. Kc6 Qc4+ 23. Kd6 Rd8+ 24. Ke5 Re8+ 25. Kf5 g6+ 26. Kg5 Qh4+ 27. Kxh4  1-0

[Event "3rd 4NCL Easter Congress"]
[Site "Mercure Daventry Court Hotel"]
[Date "2023.04.10"]
[Round "7"]
[Board "12"]
[White "Nilsson, Adam"]
[Black "Han, Qixiang"]
[Result "0-1"]
[WhiteElo "1618"]
[BlackElo "1365"]
[PlyCount "65"]
[EventDate "2023.04.07"]
[EventRounds "7"]
[EventCountry "ENG"]

1. Nf3 Nf6 2. g3 g6 3. b3 Bg7 4. Bb2 O-O 5. c4 b6 6. Bg2 Bb7 7. d4 e6 8. O-O d5 9.
Nc3 Nbd7 10. e4 Nxe4 11. Nxe4 dxe4 12. Nd2 f5 13. Qe2 Qe7 14. f3 exf3 15. Nxf3 Rae8
16. Rae1 Qd8 17. Kh1 c5 18. Rd1 cxd4 19. Bxd4 e5 20. Bb2 Qc7 21. Qd2 Nc5 22. Qd6
Qxd6 23. Rxd6 Rf7 24. Ng5 Bxg2+ 25. Kxg2 Rfe7 26. Rfd1 h6 27. Nf3 e4 28. Nd4 e3 29.
Rxg6 e2 30. Re1 Nd3 31. Nxf5 Nxe1+ 32. Kh3 Kh7 33. Nxe7  0-1

[Event "3rd 4NCL Easter Congress"]
[Site "Mercure Daventry Court Hotel"]
[Date "2023.04.10"]
[Round "7"]
[Board "13"]
[White "Lewis, Evan"]
[Black "Willow, Hambel M"]
[Result "0-1"]
[WhiteElo "1622"]
[BlackElo "1625"]
[PlyCount "134"]
[EventDate "2023.04.07"]
[EventRounds "7"]
[EventCountry "ENG"]

1. e4 c6 2. d4 d5 3. e5 Bf5 4. h4 h5 5. Bg5 Qc7 6. Bd3 Bxd3 7. Qxd3 e6 8. Nf3 Nd7
9. Nbd2 Ne7 10. Rc1 c5 11. c4 Nc6 12. cxd5 Nb4 13. Qb1 Nxd5 14. O-O Be7 15. Bxe7
Nxe7 16. Ne4 Nf5 17. Rfd1 O-O 18. Nfg5 g6 19. g3 Rfd8 20. b4 b6 21. a4 Rac8 22. b5
Qb8 23. g4 hxg4 24. h5 cxd4 25. hxg6 fxg6 26. Rxc8 Rxc8 27. Nd6 Nxe5 28. Nxc8 Qxc8
29. Qe4 Qb8 30. Re1 d3 31. Rd1 Nh4 32. Rxd3 Nxd3 33. Qxe6+ Kg7 34. Qe7+ Kh6 35. Nf7+
Kg7 36. Ne5+ Kg8 37. Qf7+ Kh8 38. Qf6+ Kg8 39. Nxd3 Nf3+ 40. Kf1 Qe8 41. Qf4 Qd7
42. Qc4+ Kh7 43. Qc3 Qf7 44. Ne1 Qc4+ 45. Qxc4 Nd2+ 46. Ke2 Nxc4 47. Nd3 Kg7 48.
f4 gxf3+ 49. Kxf3 Kf6 50. Nb4 g5 51. Nc6 Ne5+ 52. Ke4 Nxc6 53. bxc6 Ke6 54. c7 Kd7
55. Kf5 Kxc7 56. Kxg5 Kc6 57. a5 b5 58. Kf4 b4 59. Ke3 Kb5 60. Kd2 Kxa5 61. Kc2 Kb5
62. Kb2 Kc4 63. Kc2 a5 64. Kb2 a4 65. Ka1 Kc3 66. Kb1 Kb3 67. Ka1 Kc2  0-1

[Event "3rd 4NCL Easter Congress"]
[Site "Mercure Daventry Court Hotel"]
[Date "2023.04.10"]
[Round "7"]
[Board "14"]
[White "Dos Santos Silva, Bruno Alexandre"]
[Black "Pitts, Daniel"]
[Result "1-0"]
[WhiteElo "1631"]
[BlackElo "1496"]
[PlyCount "101"]
[EventDate "2023.04.07"]
[EventRounds "7"]
[EventCountry "ENG"]

1. d4 d5 2. Nc3 e6 3. Bf4 Nf6 4. Nb5 Bd6 5. Nxd6+ cxd6 6. e3 O-O 7. Nf3 Nc6 8. Be2
Re8 9. O-O e5 10. Bg5 h6 11. dxe5 dxe5 12. Bxf6 Qxf6 13. Qxd5 e4 14. Nd4 Rd8 15.
Qxe4 Nxd4 16. exd4 Bf5 17. Qf3 Qg6 18. c3 Be4 19. Qg3 Qb6 20. b3 Rd6 21. f3 Rg6 22.
Qf4 Bd5 23. Bd3 Rf6 24. Qd2 Re8 25. Rae1 Rc8 26. Re5 Be6 27. Rfe1 a6 28. Kh1 Bd7
29. c4 Re6 30. Rxe6 Bxe6 31. d5 Bd7 32. Qe3 Qa5 33. Re2 Qb4 34. h3 a5 35. Qe7 Qxe7
36. Rxe7 Rd8 37. c5 Kf8 38. d6 Bc6 39. Be4 Bxe4 40. fxe4 Rb8 41. Rc7 Ke8 42. Kg1
b6 43. c6 g6 44. Re7+ Kf8 45. c7 Rc8 46. d7 Rxc7 47. d8=Q+ Kg7 48. Qxc7 h5 49. Rxf7+
Kh6 50. Qf4+ g5 51. Qf6#  1-0

[Event "3rd 4NCL Easter Congress"]
[Site "Mercure Daventry Court Hotel"]
[Date "2023.04.10"]
[Round "7"]
[Board "15"]
[White "Gunarathne, Senith"]
[Black "Morrish, John"]
[Result "0-1"]
[WhiteElo "1491"]
[BlackElo "1828"]
[PlyCount "86"]
[EventDate "2023.04.07"]
[EventRounds "7"]
[EventCountry "ENG"]

1. e4 c5 2. Nf3 Nc6 3. d4 cxd4 4. Nxd4 d6 5. Nc3 g6 6. Be3 Bg7 7. f3 Nf6 8. Qd2 h5
9. Bc4 Ne5 10. Bb3 Bd7 11. O-O Qc8 12. Qe2 O-O 13. Rae1 Nc6 14. Nxc6 bxc6 15. f4
Ng4 16. Bd2 e6 17. h3 Nh6 18. Nd1 d5 19. e5 Nf5 20. Qf2 c5 21. c4 Nd4 22. g4 hxg4
23. hxg4 f5 24. gxf5 Nxb3 25. axb3 gxf5 26. Qg2 d4 27. Rf2 Bc6 28. Qg6 Be8 29. Qg5
Qd8 30. Qg3 Rf7 31. Rh2 Kf8 32. Kf2 Ke7 33. Rh7 Bf8 34. Reh1 Kd7 35. Qg8 Qe7 36.
Kf1 Kc7 37. Ba5+ Kb7 38. Qg2+ Bc6 39. Qg8 Bg7 40. Qxf7 Qxf7 41. Rg1 Rg8 42. Be1 Kb6
43. Bh4 Qf8  0-1

[Event "3rd 4NCL Easter Congress"]
[Site "Mercure Daventry Court Hotel"]
[Date "2023.04.10"]
[Round "7"]
[Board "16"]
[White "Anderson, Thomas R"]
[Black "Hall, James"]
[Result "1/2-1/2"]
[WhiteElo "1865"]
[BlackElo "1719"]
[PlyCount "51"]
[EventDate "2023.04.07"]
[EventRounds "7"]
[EventCountry "ENG"]

1. d4 Nf6 2. c4 e5 3. dxe5 Ng4 4. Nf3 Nc6 5. e3 Bc5 6. Nc3 O-O 7. Be2 Ncxe5 8. Nxe5
Nxe5 9. f4 Nc6 10. O-O Re8 11. f5 Ne5 12. Kh1 c6 13. Ne4 Bf8 14. c5 b6 15. Nd6 bxc5
16. Nxe8 Qxe8 17. e4 Bb7 18. Bf4 d5 19. Bxe5 Qxe5 20. exd5 cxd5 21. Qd2 Rd8 22. Rae1
Bd6 23. g3 Qe4+ 24. Bf3 Qxf5 25. Bg2 Qh5 26. Bf3  1/2-1/2

[Event "3rd 4NCL Easter Congress"]
[Site "Mercure Daventry Court Hotel"]
[Date "2023.04.07"]
[Round "1"]
[Board "1"]
[White "Sartain, Patrick P"]
[Black "Whittington, Reece W"]
[Result "0-1"]
[WhiteElo "1424"]
[BlackElo "1589"]
[PlyCount "44"]
[EventDate "2023.04.07"]
[EventRounds "7"]
[EventCountry "ENG"]

1. e4 e6 2. d4 d5 3. e5 c5 4. c3 Nc6 5. Nf3 Qb6 6. b3 cxd4 7. cxd4 Bb4+ 8. Bd2 Nxd4
9. Be2 Nxe2 10. Qxe2 Bd7 11. a4 Ne7 12. O-O Bxd2 13. Nbxd2 O-O 14. Kh1 Rac8 15. Rac1
Nc6 16. Qd3 h6 17. h4 Nb4 18. Qe2 Qa6 19. Nd4 Qxe2 20. Nxe2 Nd3 21. Rxc8 Rxc8 22.
f4 Rc2  0-1

[Event "3rd 4NCL Easter Congress"]
[Site "Mercure Daventry Court Hotel"]
[Date "2023.04.07"]
[Round "1"]
[Board "2"]
[White "Maher, Mike P"]
[Black "Dong, Ethan"]
[Result "1-0"]
[WhiteElo "1594"]
[BlackElo "1500"]
[PlyCount "137"]
[EventDate "2023.04.07"]
[EventRounds "7"]
[EventCountry "ENG"]

1. d4 d5 2. Bg5 h6 3. Bh4 g6 4. Nf3 Bg7 5. e3 c5 6. c3 Nd7 7. Nbd2 Ngf6 8. Bd3 c4
9. Bc2 b5 10. a3 O-O 11. h3 Re8 12. Ne5 Nxe5 13. dxe5 Nh7 14. f4 Nf8 15. O-O f6 16.
Nf3 Qb6 17. Qxd5+ Be6 18. Qd4 Qxd4 19. Nxd4 Bd7 20. Be4 Rac8 21. e6 Nxe6 22. Bxg6
Rf8 23. Nf5 Rf7 24. Bxf7+ Kxf7 25. Nxg7 Kxg7 26. e4 Nc5 27. Rae1 Nd3 28. Re2 Bc6
29. e5 fxe5 30. fxe5 e6 31. Bf6+ Kh7 32. Bh4 Rc7 33. Rf6 Bd5 34. Be1 Rg7 35. Bd2
Nc5 36. Bxh6 Rg8 37. Be3 Ne4 38. Rh6+ Kg7 39. Rh4 Kf7 40. Bxa7 Ng3 41. Rf2+ Ke7 42.
Rh7+ Kd8 43. Bc5 Nf5 44. Kh2 Rg3 45. Rh5 Rg7 46. g4 Ne7 47. Rh8+ Kd7 48. Rhf8 Kc6
49. Bxe7 Rxe7 50. R2f7 Rxf7 51. Rxf7 Be4 52. Kg3 Kd5 53. Kf4 Bg6 54. h4 Be4 55. Rd7+
Kc6 56. Rd6+ Kc5 57. Kxe4 b4 58. axb4+ Kb5 59. g5 Ka4 60. g6 Kb3 61. Rd2 Ka2 62.
g7 Kb1 63. g8=Q Ka1 64. Qxe6 Kb1 65. Qxc4 Kc1 66. Qe2 Kb1 67. b3 Ka1 68. Ra2+ Kb1
69. Qb2#  1-0

[Event "3rd 4NCL Easter Congress"]
[Site "Mercure Daventry Court Hotel"]
[Date "2023.04.07"]
[Round "1"]
[Board "3"]
[White "Ashworth, Steven M"]
[Black "Homer, Neil S"]
[Result "1-0"]
[WhiteElo "1434"]
[BlackElo "1574"]
[PlyCount "63"]
[EventDate "2023.04.07"]
[EventRounds "7"]
[EventCountry "ENG"]

1. e4 c6 2. d4 d5 3. f3 dxe4 4. fxe4 e5 5. Nf3 Bg4 6. Bc4 Nd7 7. O-O Ngf6 8. Bg5
Bd6 9. Bxf6 Nxf6 10. c3 O-O 11. Nbd2 Qc7 12. Qe1 Rae8 13. dxe5 Bxe5 14. Nxe5 Qxe5
15. Qf2 b6 16. Bb3 Rd8 17. Rae1 b5 18. Nf3 Bxf3 19. Qxf3 Rd2 20. Rf2 Rxf2 21. Kxf2
Qxh2 22. e5 Qh4+ 23. g3 Ng4+ 24. Kg1 Qh2+ 25. Kf1 Qh5 26. Kg2 Rd8 27. Re2 Qh2+ 28.
Kf1 Qh3+ 29. Kg1 Nh6 30. e6 Rf8 31. exf7+ Nxf7 32. Qxf7+  1-0

[Event "3rd 4NCL Easter Congress"]
[Site "Mercure Daventry Court Hotel"]
[Date "2023.04.07"]
[Round "1"]
[Board "4"]
[White "Fisher, Neal"]
[Black "Spirling, Florence"]
[Result "1/2-1/2"]
[WhiteElo "1519"]
[BlackElo "1114"]
[PlyCount "140"]
[EventDate "2023.04.07"]
[EventRounds "7"]
[EventCountry "ENG"]

1. d4 d5 2. Nf3 Nf6 3. Bf4 Bf5 4. e3 e6 5. c3 c5 6. Nbd2 Qb6 7. Qb3 Nbd7 8. Ne5 cxd4
9. exd4 Qxb3 10. Nxb3 Nxe5 11. Bxe5 Nd7 12. Bb5 a6 13. Bxd7+ Kxd7 14. O-O f6 15.
Bg3 b6 16. Nd2 Bd6 17. Bxd6 Kxd6 18. Rfe1 Rhe8 19. Nf3 h6 20. Re3 Re7 21. Rae1 Rae8
22. Nh4 Bh7 23. f4 g5 24. fxg5 hxg5 25. Nf3 Bf5 26. Kf2 Rh8 27. h3 g4 28. hxg4 Bxg4
29. Nd2 Rhe8 30. c4 Bf5 31. b4 Bc2 32. c5+ bxc5 33. bxc5+ Kc6 34. Rc3 Ba4 35. Nf3
Rb7 36. Rce3 Rb2+ 37. R1e2 Rxe2+ 38. Rxe2 Re7 39. Nh4 Bb5 40. Re3 Bc4 41. a4 Kd7
42. Ng6 Re8 43. Rh3 Kc6 44. Rh7 Rb8 45. Ne7+ Kb7 46. Nxd5+ Kc6 47. Nb6 Rxb6 48. cxb6
Kxb6 49. Rh6 f5 50. Rh1 Ka5 51. Ke3 Kxa4 52. Kd2 Bd5 53. Ra1+ Kb5 54. g3 a5 55. Kc3
a4 56. Rb1+ Ka5 57. Ra1 Kb5 58. Ra3 Ka5 59. Ra1 Kb5 60. Rb1+ Ka5 61. Rb8 a3 62. Kc2
a2 63. Kb2 Ka6 64. Rg8 Kb5 65. g4 fxg4 66. Rxg4 Kc6 67. Rh4 Kd7 68. Rf4 Ke7 69. Ka1
Kd6 70. Rh4 Ke7  1/2-1/2

[Event "3rd 4NCL Easter Congress"]
[Site "Mercure Daventry Court Hotel"]
[Date "2023.04.07"]
[Round "1"]
[Board "5"]
[White "Kathuria, Dhruv"]
[Black "Jerome, Stellio"]
[Result "1-0"]
[WhiteElo "1456"]
[BlackElo "1512"]
[PlyCount "47"]
[EventDate "2023.04.07"]
[EventRounds "7"]
[EventCountry "ENG"]

1. e4 g5 2. d4 h6 3. Nc3 e6 4. Bd3 Bg7 5. Nge2 Ne7 6. Be3 Nbc6 7. Ng3 Bxd4 8. Bxd4
Nxd4 9. Nh5 Ng6 10. Ng7+ Kf8 11. Nh5 c6 12. O-O e5 13. Ne2 d6 14. Nxd4 exd4 15. Bc4
c5 16. f4 g4 17. Qe2 Qh4 18. Ng3 Be6 19. Bxe6 fxe6 20. f5 Ke7 21. fxg6 Raf8 22. g7
Rxf1+ 23. Rxf1 Rg8 24. Qf2  1-0

[Event "3rd 4NCL Easter Congress"]
[Site "Mercure Daventry Court Hotel"]
[Date "2023.04.07"]
[Round "1"]
[Board "6"]
[White "Robinson, Martyn"]
[Black "Collins, Nigel"]
[Result "1-0"]
[WhiteElo "1639"]
[BlackElo "1454"]
[PlyCount "89"]
[EventDate "2023.04.07"]
[EventRounds "7"]
[EventCountry "ENG"]

1. d4 Nf6 2. c4 g6 3. Nc3 d5 4. Qb3 dxc4 5. Qxc4 Bg7 6. e4 c6 7. Be2 O-O 8. Be3 Be6
9. Qd3 Qa5 10. a3 Na6 11. Nf3 Rfd8 12. Qb1 Qc7 13. h3 Nb8 14. O-O b6 15. b4 Bc8 16.
Qc2 Bb7 17. Rad1 c5 18. e5 Nd5 19. Nxd5 Bxd5 20. bxc5 bxc5 21. Qxc5 Qxc5 22. dxc5
Nc6 23. Bf4 Rac8 24. Rfe1 Na5 25. Bg5 f6 26. exf6 Bxf6 27. Bxf6 exf6 28. Rc1 Nb3
29. Rc3 Nxc5 30. Rec1 Re8 31. Rxc5 Rxc5 32. Rxc5 Bxf3 33. Bxf3 Re1+ 34. Kh2 Ra1 35.
Ra5 Ra2 36. Kg3 Kg7 37. Rxa7+ Kh6 38. a4 f5 39. a5 Kg5 40. h4+ Kf6 41. a6 Ra4 42.
Ra8 f4+ 43. Kh2 Ke7 44. a7 Kd7 45. Rh8  1-0